000 01533nam a22004214i 4500
001 UByD004415
003 AR-LpoUNG
005 20260526131259.0
006 aad 000 0
007 ta
008 260526s2025 ag ad d 000 0 spa d
040 _aAR-LpoUNG
_bspa
_cAR-LpoUNG
_erda
041 0 _aspa
082 0 _a982.062 7hec
245 0 0 _aHechos violentos cometidos contra confesionistas comprometides con los pobres en el marco de un genocidio religioso y cultural
264 0 _aBuenos Aires :
_b[editor no identificado],
_c2025.
300 _a3 volúmenes
336 _atexto
_btxt
_2rdacontent
337 _asin mediación
_bn
_2rdamedia
338 _avolumen
_bsn
_2rdacarrier
500 _aAfiches confeccionados por estudiantes del ISFDyT Nº 15 de Campana, en el marco de las prácticas profesionalizantes del año 2025.
505 0 _aCorresponde a tres partes ordenadas cronológicamente, según los siguientes inventarios: S00068537 1945-febrero 1976; S00068538 marzo 1976-marzo 1977; S00068539 abril 1977-1998.
650 4 _aHistoria argentina
650 4 _aParticipación política
650 4 _aCatolicismo
650 4 _aIglesia católica
650 4 _aAspectos históricos
650 4 _aAnálisis sociológico
650 4 _aAspectos sociales
650 4 _aMovimientos campesinos
650 4 _aMovimientos sociales
650 4 _aDictadura
650 4 _aTerrorismo de Estado
650 4 _aTortura
653 0 _aMemoria colectiva
653 0 _aLigas agrarias
942 _2ddc
_cAFICHE
999 _c67933
_d67933